000 01238nam0a2200265 i 4500
001 RU\NLR\bibl\346902
005 20240725193451.0
035 _a(NLR Aleph) 000341716
090 _a220726
_c220726
100 _a20020920d1996 |||y0rusy50 ca
101 0 _arus
102 _aRU
105 _aa dm |||||
200 1 _aКомплексное социально-гигиеническое исследование состояния здоровья населения и построение концептуальной модели системы обязательного медицинского страхования
_e(на прим. Моск. обл.)
_eАвтореф. дис. на соиск. учен. степ. д.м.н.
_eСпец. 14.00.33
_fБутова Валентина Гавриловна
_g[Рос. гос. мед. ун-т]
210 _aМ.
_d1996
215 _a38 с.
_cил.
_d21
320 _aБиблиогр.: с. 37-38 (20 назв.)
686 _a14.00.33
_2oksvnk
700 1 _aБутова
_bВ. Г.
_gВалентина Гавриловна
801 0 _aRU
_bNLR
_c20021211
_gPSBO
801 1 _aRU
_bNLR
_c20021211
852 _aNLR
_j98-4/16230
942 _cBOOK